| 000 | 02526nam a22002897a 4500 | ||
|---|---|---|---|
| 005 | 20240305165555.0 | ||
| 007 | cr|||| |||| | ||
| 008 | 210104s2019 br |||||s|||| 00||0 por d | ||
| 020 | _a978-85-9547-076-6 | ||
| 035 | _a32528 | ||
| 040 | _avLex | ||
| 090 |
_c11044 _d11044 |
||
| 100 | 1 | _aMáximo Teodoro, Maria Cecília | |
| 245 | 1 | 0 |
_aClasse, direito coletivo do trabalho e acesso à justiça em perspectivas _h[Recurso electrónico] : _bAnais do IV Encontro da RENAPEDTS / _cMaria Cecília Máximo Teodoro, Gustavo Marcel Filgueiras Lacerda, Maria Rosaria Barbato _nVolume III |
| 256 | _aServicio en línea | ||
| 260 |
_aBelo Horizonte: _bInitia Via Editora, _c2019 |
||
| 300 | _a1 recurso electrónico | ||
| 500 | _aOs artigos que compõem estes anais apresentam, portanto, à comunidade acadêmica e à sociedade civil brasileiras não só o teor das atividades de pesquisa e extensão desenvolvidas em importantes instituições de ensino superior brasileiras, como resultam dos encontros e diálogos estabelecidos entre pesquisadoras, pesquisadores e extensionistas nos grupos de trabalho temáticos, nas palestras e nos intervalos entre palestras e atividades do IV Encontro da RENAPEDTS. Desse modo, os artigos que compõem estes anais nascem da cooperação acadêmica interinstitucional e da construção coletiva de uma rede de pesquisa e extensão em Direito do Trabalho e Seguridade Social. Sua leitura se revela fundamental para uma compreensão crítica das reformas políticas, econômicas, sociais e jurídicas do mundo do trabalho e dos sistemas de seguridade social pautadas por uma lógica neoliberal propostas no Brasil e em outros países do mundo no decorrer dos últimos anos, que atentam, aqui e alhures, contra direitos sociais duramente conquistados por trabalhadoras e trabalhadores | ||
| 506 | 1 |
_aDisponible solo en los productos indicados _dvLex Global _dvLex Global (Academic Edition, excluding Law Schools) _dvLex Global (U.S. Academic Edition, Law Schools) _dvLex Global (U.S. Academic Edition, excluding Law Schools) _dvLex Global (Academic Edition, Law Schools) |
|
| 650 | 0 | 4 |
_aDerecho Laboral y Seguridad Social _zBrasil |
| 650 | 0 | 4 |
_aSeguridad Social _zBrasil |
| 700 | 1 | _aFilgueiras Lacerda, Gustavo Marcel | |
| 700 | 1 | _aRosaria Barbato, Maria | |
| 740 | 0 | _avLex Libros (Servicio en línea) | |
| 856 | 4 | 0 | _uhttps://app.vlex.com/#/sources/classe-direito-coletivo-do-trabalho-e-acesso-a-justi-a-em-perspectivas-anais-do-iv-encontro-da-renapedts-volume-iii-32528 |
| 942 | _cRAA | ||
| 999 |
_c169280 _d169280 |
||